Marketing Basic Concepts and Decisions

Saved in:
Bibliographic Details
Main Author: Pride, William M.
Other Authors: Ferrell, O. C.
Format: Book
Language:English
Published: Boston Houghton Mifflin Co. 1980
Edition:2. ed.
Subjects:
Tags: Add Tag
No Tags, Be the first to tag this record!

MARC

LEADER 00000nam a2200000 4500
001 c009983
005 20221207073846.5
020 |a 0-395-28059-1 
041 0 |a eng 
044 |a US 
245 1 0 |a Marketing  |b Basic Concepts and Decisions  |c William M. Pride, O.C. Ferrell 
250 |a 2. ed. 
264 1 |a Boston  |b Houghton Mifflin Co.  |c 1980 
300 |a 754 s. 
610 2 0 |a marketing 
610 2 0 |a marketing mix 
610 2 0 |a stratégia marketingová 
610 2 0 |a stratégia podniková 
610 2 0 |a plánovanie 
610 2 0 |a odbyt 
610 2 0 |a rozhodovanie 
610 2 0 |a štúdie prípadové 
100 1 |a Pride, William M. 
700 1 |a Ferrell, O. C.